Antología de la poesía gallego-portuguesa / (Record no. 4916)
[ view plain ]
| 000 -CABECERA | |
|---|---|
| campo de control de longitud fija | 00839cam a2200241 a 4500 |
| 001 - NÚMERO DE CONTROL | |
| campo de control | 000005113 |
| 005 - FECHA Y HORA DE LA ÚLTIMA TRANSACCIÓN | |
| campo de control | 20200929151601.0 |
| 008 - DATOS DE LONGITUD FIJA--INFORMACIÓN GENERAL | |
| campo de control de longitud fija | 900419s1985 sp g 000 p spa |
| 010 ## - NÚMERO DE CONTROL DE LA BIBLIOTECA DEL CONGRESO | |
| Número de control de LC | 90870903 |
| 020 ## - NÚMERO INTERNACIONAL ESTÁNDAR DEL LIBRO | |
| Número Internacional Estándar del Libro | 8420510378 |
| 040 ## - FUENTE DE LA CATALOGACIÓN | |
| Centro catalogador/agencia de origen | DO-SdBNP |
| Centro/agencia transcriptor | DLC |
| 082 ## - NÚMERO DE LA CLASIFICACIÓN DECIMAL DEWEY | |
| Número de clasificación | 861.08 |
| Número de documento/Ítem | A634p |
| 245 00 - MENCIÓN DE TÍTULO | |
| Título | Antología de la poesía gallego-portuguesa / |
| Mención de responsabilidad, etc. | selección, estudio y notas de Carlos Alvar y Vicente Beltran. |
| 260 ## - PUBLICACIÓN, DISTRIBUCIÓN, ETC. | |
| Lugar de publicación, distribución, etc. | Madrid : |
| Nombre del editor, distribuidor, etc. | Alhambra, |
| Fecha de publicación, distribución, etc. | 1985. |
| 300 ## - DESCRIPCIÓN FÍSICA | |
| Extensión | vii, 451 p. : |
| Otras características físicas | music ; |
| Dimensiones | 20 cm. |
| 440 #0 - MENCIÓN DE SERIE/PUNTO DE ACCESO ADICIONAL--TÍTULO | |
| Título | Clásicos ; |
| Designación de volumen o secuencia | 28 |
| 9 (RLIN) | 9850 |
| 650 #4 - PUNTO DE ACCESO ADICIONAL DE MATERIA--TÉRMINO DE MATERIA | |
| Término de materia o nombre geográfico como elemento de entrada | Poesía española |
| Subdivisión general | Colecciones |
| 9 (RLIN) | 3395 |
| 650 #4 - PUNTO DE ACCESO ADICIONAL DE MATERIA--TÉRMINO DE MATERIA | |
| Término de materia o nombre geográfico como elemento de entrada | Poesía portuguesa |
| Subdivisión general | Colecciones |
| 9 (RLIN) | 14657 |
| 650 #4 - PUNTO DE ACCESO ADICIONAL DE MATERIA--TÉRMINO DE MATERIA | |
| Término de materia o nombre geográfico como elemento de entrada | Poesía gallego-portuguesa |
| Subdivisión general | Historia y crítica |
| 9 (RLIN) | 14658 |
| 700 1# - PUNTO DE ACCESO ADICIONAL--NOMBRE DE PERSONA | |
| Nombre de persona | Alvar, Carlos |
| 9 (RLIN) | 14659 |
| 700 1# - PUNTO DE ACCESO ADICIONAL--NOMBRE DE PERSONA | |
| Nombre de persona | Beltrán Pepio, Vicente, |
| Fechas asociadas al nombre | 1948- |
| 9 (RLIN) | 14660 |
| 910 ## - DATOS DE OPCIÓN DEL USUARIO (OCLC) | |
| Datos de opción del usuario | Catalogación por copia / LC |
| Estado de retiro | Estado de pérdida | Restricciones de uso | No para préstamo | Código de colección | Localización permanente | Ubicación/localización actual | Ubicación en estantería | Fecha de adquisición | Número de inventario | Total de préstamos | Signatura topográfica completa | Código de barras | Fecha visto por última vez | Precio válido a partir de | Tipo de ítem Koha |
|---|---|---|---|---|---|---|---|---|---|---|---|---|---|---|---|
| Préstamo interno | Monografías: Libros y Folletos | General | General | En catalogación | 29.07.2009 | LF1 | 861.08 A634p | 5113-10 | 25.06.2020 | 25.06.2020 | Préstamo interno |
